Ordo divini officii recitandi sacrique peragendi ad venerabilis cleri saecularis dioeceseos angelopolitanae quotidianum usum pro anno Domini MCMIII juxta Rubricas Breviarii Missalisque romani ac sacrae rituum congregationis novissima decreta a Presb. Josepho Maria Catalani et Flandes, hujus S. Cathedralis Ecclesiae primo sacrarum caeremoniarum magistro dispositus

Detalles Bibliográficos
Formato: Libro
Lenguaje:Undetermined
Latin
Publicado: Angelopoli : ex officina Salesiana, 1900.
Materias:
Colección:Banco de datos
Acervo:Biblioteca Palafoxiana. Colección bibliográfica
Descripción Física:139 p. ; 4°
Tema general:Liturgia
Notas:Número de localización: 40029
LEADER 00794nam a2200157Ia 4500
008 150723s9999 xx 000 0 und d
041 0 |a lat 
050 0 |a PAFX BV175 07 
245 1 0 |a Ordo divini officii recitandi sacrique peragendi ad venerabilis cleri saecularis dioeceseos angelopolitanae quotidianum usum pro anno Domini MCMIII juxta Rubricas Breviarii Missalisque romani ac sacrae rituum congregationis novissima decreta a Presb. Josepho Maria Catalani et Flandes, hujus S. Cathedralis Ecclesiae primo sacrarum caeremoniarum magistro dispositus 
260 |a Angelopoli : ex officina Salesiana, 1900. 
300 |a 139 p. ; 4° 
500 |a Número de localización: 40029 
650 1 0 |a Liturgia 
942 |c PALALIB 
943 |g Biblioteca Palafoxiana. Colección bibliográfica 
999 |c 1065882  |d 1065882